guess the marvel hero from the photo - Statistics

General Stats
  • This quiz has been taken 392 times
    380 since last reset
  • The average score is 14 of 23
Answer Stats
Picture Answer % Correct
iron man
100%
hulk
96%
spiderman
95%
captain america
94%
hawkeye
93%
black panther
88%
antman
85%
black widow
84%
thor
82%
the wasp
80%
falcon
68%
doctor strange
65%
daredevil
62%
groot
60%
silver surfer
53%
professor x
51%
rocket racoon
50%
war machine
28%
wolverine
28%
vision
26%
cyclops
16%
deadpool
14%
scarlett which
2%
No matching quizzes found
Score Distribution
Percent of People with Each Score
Percentile by Number Answered
Your Score History
You have not taken this quiz since the last reset